Normal view
MARC view
- Pragmatics
Entry Topical Term
001 - CONTROL NUMBER
- control field: 37316
003 - CONTROL NUMBER IDENTIFIER
- control field: OSt
005 - DATE AND TIME OF LATEST TRANSACTION
- control field: 20150122112245.0
008 - FIXED-LENGTH DATA ELEMENTS
- fixed length control field: 150122|| aca||babn | a|a d
040 ## - CATALOGING SOURCE
- Original cataloging agency: OSt
150 ## - HEADING--TOPICAL TERM
- Topical term or geographic name as entry element: Pragmatics
450 ## - SEE FROM TRACING--TOPICAL TERM
- Topical term or geographic name entry element: Pragmalinguistics
550 ## - SEE ALSO FROM TRACING--TOPICAL TERM
- Topical term or geographic name entry element: General semantics
550 ## - SEE ALSO FROM TRACING--TOPICAL TERM
- Topical term or geographic name entry element: Language and languages
- General subdivision: Philosophy
550 ## - SEE ALSO FROM TRACING--TOPICAL TERM
- Topical term or geographic name entry element: Logic, Symbolic and mathematical
550 ## - SEE ALSO FROM TRACING--TOPICAL TERM
- Topical term or geographic name entry element: Semantics (Philosophy)